Industrial project planning and appraisal in input output framework case studies of indian industries (Record no. 150674)

MARC details
000 -LEADER
fixed length control field 00488nam a2200157Ia 4500
008 - FIXED-LENGTH DATA ELEMENTS--GENERAL INFORMATION
fixed length control field 161229s9999 xx 000 0 und d
020 ## - INTERNATIONAL STANDARD BOOK NUMBER
International Standard Book Number 8170402964
082 ## - DEWEY DECIMAL CLASSIFICATION NUMBER
Classification number 338.7 SOM/IN
245 ## - TITLE STATEMENT
Title Industrial project planning and appraisal in input output framework case studies of indian industries
260 ## - PUBLICATION, DISTRIBUTION, ETC. (IMPRINT)
Name of publisher, distributor, etc. Himalaya Publishing House
Place of publication, distribution, etc. Bombay
Date of publication, distribution, etc. 1991
300 ## - PHYSICAL DESCRIPTION
Extent xvi, 370
700 ## - ADDED ENTRY--PERSONAL NAME
Personal name Naik, S D, ed.
700 ## - ADDED ENTRY--PERSONAL NAME
Personal name Smayajulu, V.V.N.,ed.
700 ## - ADDED ENTRY--PERSONAL NAME
Personal name Valavade, S P, ed.
942 ## - ADDED ENTRY ELEMENTS (KOHA)
Koha item type Books (General)
Holdings
Withdrawn status Lost status Damaged status Not for loan Home library Current library Date acquired Cost, normal purchase price Total Checkouts Full call number Barcode Date last seen Price effective from Koha item type Public note
        KAU Central Library, Thrissur KAU Central Library, Thrissur 29/12/2016 350.00   338.7 SOM/IN 901983 29/12/2016 29/12/2016 Books (General) Book transferred from CCBM Library ,Acc.No:1441
Kerala Agricultural University Central Library
Thrissur-(Dt.), Kerala Pin:- 680656, India
Ph : (+91)(487) 2372219
E-mail: librarian@kau.in
Website: http://library.kau.in/